Did You Come? - girl in red - Statistics

General Stats
  • This quiz has been taken 13 times
  • The average score is 207 of 285
Answer Stats
Answer % Correct
a
100%
come?
100%
come
100%
Did
100%
did
100%
do
100%
I
100%
know
100%
she
100%
She
100%
should
100%
To
100%
to
100%
You
100%
you
100%
How
91%
it
91%
mind
91%
my
91%
times?
91%
up
91%
Was
91%
was
91%
your
91%
and
82%
fuck
82%
good?
82%
many
82%
me
82%
me?
82%
never
82%
Never
82%
the
82%
The
82%
tongue,
82%
You're
82%
you're
82%
all
73%
around
73%
bet,
73%
better
73%
eyes
73%
for
73%
her
73%
it's
73%
like?
73%
like
73%
more
73%
of
73%
Of
73%
Roll,
73%
See
73%
sex,
73%
so
73%
so,
73%
that
73%
through
73%
yourself
73%
fake,
64%
Just
64%
lies
64%
make
64%
now
64%
pure
64%
Tell
64%
tell
64%
than
64%
things
64%
truth,
64%
twenty
64%
wait,
64%
alive
55%
apologies
55%
by
55%
By
55%
can't
55%
change
55%
Don't
55%
don't
55%
forget
55%
forgive,
55%
happiness
55%
listen
55%
monologue
55%
or
55%
out,
55%
physicality?
55%
spelled
55%
what
55%
with
55%
would
55%
bad
45%
believe
45%
bullshit
45%
different
45%
enough
45%
feel
45%
fucking
45%
full
45%
illiterate
45%
I'm
45%
liked?
45%
lying
45%
makes
45%
Momentary
45%
need
45%
not
45%
pissed
45%
reasons
45%
relax
45%
sense
45%
stupid
45%
Told
45%
upset,
45%
any
36%
apart
36%
bags
36%
bother
36%
but
36%
easily
36%
get
36%
had
36%
kind,
36%
known
36%
made
36%
packing
36%
rip
36%
safe
36%
seduced
36%
should've
36%
try
36%
back
27%
fraud
27%
giving
27%
intrigued
27%
mystique
27%
satisfied
27%
uncertainty
27%
heartbreak
9%
No matching quizzes found
Score Distribution
Percent of People with Each Score
Percentile by Number Answered
Your Score History
You have not taken this quiz